All Hercule Poirot Books - Statistics

General Stats
  • This quiz has been taken 52 times
  • The average score is 17 of 35
Answer Stats
Release Year Book % Correct
1937 Death on the Nile
89%
1934 Murder on the Orient Express
86%
1975 Curtain
69%
1927 The Big Four
69%
1935 Death in the Clouds
66%
1969 Hallowe'en Party
66%
1920 The Mysterious Affair at Styles
66%
1941 Evil Under the Sun
60%
1926 The Murder of Roger Ackroyd
60%
1923 The Murder on the Links
60%
1936 Murder in Mesopotamia
57%
1936 The ABC Murders
57%
1938 Hercule Poirot's Christmas
54%
1940 Sad Cypress
54%
1936 Cards on the Table
51%
1972 Elephants Can Remember
51%
1932 Peril at End House
51%
1942 Five Little Pigs
49%
1933 Lord Edgware Dies
46%
1928 The Mystery of the Blue Train
46%
1966 Third Girl
46%
1952 After the Funeral
43%
1937 Dumb Witness
43%
1948 Mrs. McGinty's Dead
43%
1940 One, Two, Buckle My Shoe
40%
1938 Appointment with Death
37%
1953 Hickory Dickory Dock
37%
1959 The Clocks
37%
1934 Three Act Tragedy
37%
1955 Dead Man's Folly
34%
1956 Cat Among the Pigeons
26%
1946 Taken at the Flood
26%
1924 Poirot Investigates
17%
1930 Black Coffee
11%
1937 Murder in the Mews
11%
No matching quizzes found
Score Distribution
Percent of People with Each Score
Percentile by Number Answered
Your Score History
You have not taken this quiz